[Event "Bodensee Seniors op"]
[Site "Bregenz"]
[Date "2019.05.29"]
[Round "4"]
[White "Spaelti, Bruno"]
[Black "Mueller, Rudolf"]
[Result "0-1"]
[WhiteElo "1834"]
[BlackElo "2071"]
[PlyCount "40"]
[EventDate "2019.05.26"]
[EventType "swiss"]
[EventRounds "7"]
[EventCountry "AUT"]
[SourceTitle "CBM 190 Extra"]
[Source "ChessBase"]
[SourceDate "2019.07.15"]
[SourceVersion "1"]
[SourceVersionDate "2019.07.15"]
[SourceQuality "1"]

1. c4 b6 2. Nc3 e6 3. d4 Bb7 4. e4 Bb4 5. d5 exd5 6. exd5 Qf6 7. Qc2 c6 8. Qe4+ Ne7 9. Bd2 0-0 10. Bd3 g6 11. Nf3 Na6 12. Qe5 Nxd5 13. Nxd5 Bxd2+ 14. Kxd2 Qxe5 15. Nxe5 cxd5 16. cxd5 Nb4 17. Nxd7 Rfd8 18. Ne5 Rxd5 19. Kc3 Nxd3 20. Nxd3 Rc8+ 0-1